000 00901nam a2200265Ia 4500
001 2969
005 20240113233604.0
007 ta
008 050323s1932 a g b100 u eng u
020 _cHB
040 _aS.K.B.L,Cotton Colle
041 _aeng
082 _a321.041
_bS 76 In
111 _aStructure Committe & Minorities Committee.
_cCalcatta )
_d(07/09/1931 &01/12/31 :
_eGovt Of India
245 0 _aIndian Round Table Conferance : 7th September ,1931-Ist December ,1931 /
_cProceddings of Federal Structure Committee and Minorities Committee.
_hTextual Documents
250 _aist /
260 _aCalcutta :
_bGovernment Of India Central Publication Branch ,
_c1932.
300 _a738 P :
_bFigures ;
_c23 cm .
653 _aRound Table Conference
653 _aReport- Reference
942 _2ddc
_cBK
999 _c2957
_d2957